|
|
|
|
| LEADER |
00654nam a2200157 4500 |
| 082 |
|
|
|a 939.405 COT
|
| 100 |
|
|
|a Cotton, Hannah M Ed.; Hoyland, Robert G Ed.et.
|
| 245 |
|
|
|a From hellenism to Islam: cultural and linguistics change in the roman near east
|c Cotton, Hannah M Ed.; Hoyland, Robert G Ed.et.
|
| 250 |
|
|
|
| 260 |
|
|
|a Cambridge university press, Cambridge
|c 2009
|
| 300 |
|
|
|a 481 P
|
| 490 |
|
|
|
| 650 |
|
|
|a Indigenous peoples--Cultural assimilation --Middle East--Roman history --Linguistic change
|
| 942 |
|
|
|c BK
|
| 999 |
|
|
|c 189357
|d 189357
|
| 952 |
|
|
|0 0
|1 0
|4 0
|6 939_405000000000000_COT
|7 0
|9 202706
|a ISL
|b ISL
|l 0
|o 939.405 COT
|p ISL03690
|r 2019-10-28
|w 2019-10-28
|y BK
|